[Event "GER-ch 78th"]
[Site "Bad Koenigshofen"]
[Date "2007.01.25"]
[Round "7"]
[White "Reinhardt, Bernd"]
[Black "Bastian, Herbert"]
[Result "0-1"]
[WhiteElo "2347"]
[BlackElo "2411"]
[EventDate "2007.01.19"]
[PlyCount "136"]

1. d4 Nf6 2. Nf3 g6 3. c4 Bg7 4. Nc3 d6 5. e4 O-O 6. h3 e5 7. d5 Nbd7 8. Be2 a5 9. g4 Nc5 10. Qc2 c6 11. Bg5 cxd5 12. exd5 e4 13. Nd2 Re8 14. O-O-O Bd7 15. Rhe1 a4 16. Ndb1 Qb6 17. Na3 Qb4 18. Bd2 Qb6 19. Be3 Qa5 20. Kb1 Rac8 21. Qd2 Qd8 22. Nab5 Bxb5 23. Nxb5 Qb6 24. Qb4 Nfd7 25. Rc1 Qa6 26. Nc3 Ra8 27. Red1 Qa7 28. Qa3 Qb6 29. Nb5 Rec8 30. f3 exf3 31. Bxf3 Ne5 32. Bg2 Qd8 33. Rc2 Qd7 34. Bd4 Nxc4 35. Rxc4 Qxb5 36. Rb4 Qe2 37. Bf3 Qh2 38. g5 Bxd4 39. Rbxd4 Qf2 40. Bg4 Re8 41. Qb4 Re5 42. Rf4 Qe3 43. a3 Rae8 44. Rf6 Qe4+ 45. Qxe4 Nxe4 46. Rf4 Nxg5 47. Rdd4 f5 48. Bd1 Nxh3 49. Rh4 Ng5 50. Rxa4 Kg7 51. Rhb4 R5e7 52. Ra7 Rb8 53. a4 Ne4 54. a5 Kf6 55. a6 b5 56. Rxe7 Kxe7 57. Ba4 Nc5 58. Rxb5 Nxa6 59. Ra5 Nc5 60. Bc6 Kf6 61. Ra7 h5 62. Ka2 h4 63. Ka3 Rb3+ 64. Ka2 h3 65. Rh7 g5 66. Rh6+ Ke5 67. Re6+ Nxe6 68. dxe6 Rb8 0-1

[Event "GER-ch 78th"]
[Site "Bad Koenigshofen"]
[Date "2007.01.25"]
[Round "7"]
[White "Schenderowitsch, Michael"]
[Black "Tereick, Benjamin"]
[Result "1/2-1/2"]
[WhiteElo "2268"]
[BlackElo "2382"]
[EventDate "2007.01.19"]
[PlyCount "85"]

1. d4 e6 2. c4 Bb4+ 3. Bd2 a5 4. Nc3 Nf6 5. a3 Bxc3 6. Bxc3 O-O 7. Nf3 b6 8. e3 Bb7 9. Be2 Ne4 10. Qc2 f5 11. O-O a4 12. Nd2 Nxc3 13. Qxc3 c5 14. Bf3 Bxf3 15. Nxf3 d6 16. Rad1 Nc6 17. d5 Na5 18. dxe6 Qe7 19. Rd5 Qxe6 20. Rfd1 Rad8 21. R1d3 f4 22. h3 h6 23. Qc1 Qe4 24. Nd2 Qg6 25. Nf3 fxe3 26. Rxe3 Rf4 27. Nd2 Nc6 28. Nf3 Rdf8 29. Qc3 Na5 30. Nd2 Rxf2 31. Rg3 Qf6 32. Qd3 Nb7 33. Kh2 Rf4 34. Ne4 Qxb2 35. Nxd6 Nxd6 36. Rxd6 Qa1 37. Rxh6 Rf1 38. Qh7+ Kf7 39. Qg6+ Kg8 40. Qh7+ Kf7 41. Qg6+ Kg8 42. Qe6+ R8f7 43. Qe8+ 1/2-1/2

[Event "GER-ch 78th"]
[Site "Bad Koenigshofen"]
[Date "2007.01.25"]
[Round "7"]
[White "Stanke, Juergen"]
[Black "Tabatt, Hendrik"]
[Result "0-1"]
[WhiteElo "2323"]
[BlackElo "2228"]
[EventDate "2007.01.19"]
[PlyCount "86"]

1. e4 e5 2. Nc3 Nf6 3. Nf3 Nc6 4. g3 Bc5 5. Bg2 d6 6. d3 h6 7. Na4 Bg4 8. h3 Be6 9. Nxc5 dxc5 10. b3 Nd7 11. Bb2 O-O 12. O-O a5 13. a4 Re8 14. Kh2 f6 15. Nh4 Nd4 16. Nf5 Nf8 17. Nxd4 cxd4 18. f4 exf4 19. gxf4 f5 20. Qf3 c6 21. Rae1 Qd7 22. Re2 Nh7 23. Qf2 c5 24. Rfe1 Rad8 25. exf5 Bxf5 26. Rxe8+ Rxe8 27. Rxe8+ Qxe8 28. Bxb7 Bxh3 29. Bd5+ Kh8 30. Kxh3 Qh5+ 31. Kg2 Qxd5+ 32. Qf3 Nf6 33. Qxd5 Nxd5 34. Ba3 Nb4 35. Kf3 h5 36. Ke4 g6 37. Bxb4 cxb4 38. Kxd4 Kg7 39. Ke4 Kf6 40. Kf3 Ke6 41. Kg2 Kf5 42. Kg3 g5 43. fxg5 Kxg5 0-1

[Event "GER-ch 78th"]
[Site "Bad Koenigshofen"]
[Date "2007.01.25"]
[Round "7"]
[White "Suren, Peter"]
[Black "Schellmann, Frank"]
[Result "1/2-1/2"]
[WhiteElo "2211"]
[BlackElo "2107"]
[EventDate "2007.01.19"]
[PlyCount "85"]

1. b3 e5 2. Bb2 Nc6 3. e4 Nf6 4. Nc3 Bc5 5. Bd3 O-O 6. Qe2 Nd4 7. Qf1 d5 8. O-O-O dxe4 9. Nxe4 Nxe4 10. Bxe4 Qd6 11. c3 Nc6 12. Nf3 Bd7 13. Qe2 Rae8 14. Rhe1 Ba3 15. h3 a5 16. g4 a4 17. b4 Bxb2+ 18. Kxb2 a3+ 19. Ka1 Kh8 20. Bc2 e4 21. Bxe4 f5 22. gxf5 Bxf5 23. Qc4 Qf4 24. Bd5 Qxc4 25. Bxc4 h6 26. Nh4 Bh7 27. f4 g5 28. Rxe8 Rxe8 29. Ng2 gxf4 30. Bd5 Rf8 31. Rf1 Ne5 32. Nxf4 c6 33. Bg2 Kg8 34. Ne6 Re8 35. Nd4 Nc4 36. Rg1 Kh8 37. Nf3 Nb2 38. Bf1 Nd3 39. Bxd3 Bxd3 40. Ne1 Bf5 41. Nf3 Bxh3 42. Kb1 Rf8 43. Nd4 1/2-1/2

[Event "GER-ch 78th"]
[Site "Bad Koenigshofen"]
[Date "2007.01.25"]
[Round "7"]
[White "Tischbierek, Raj"]
[Black "Schulze, Ulrich"]
[Result "1-0"]
[WhiteElo "2486"]
[BlackElo "2297"]
[EventDate "2007.01.19"]
[PlyCount "97"]

1. e4 Nf6 2. e5 Nd5 3. d4 d6 4. c4 Nb6 5. exd6 exd6 6. Nc3 Be7 7. Bd3 O-O 8. Nge2 Nc6 9. O-O Bg4 10. f3 Bh5 11. b3 Bf6 12. Be3 Re8 13. Qd2 Bg6 14. Ne4 d5 15. Nxf6+ Qxf6 16. Bxg6 hxg6 17. c5 Qe7 18. Kf2 Qh4+ 19. Ng3 Nd7 20. Rad1 Qe7 21. h4 Nf8 22. h5 Qd7 23. Rh1 Ne7 24. h6 Nf5 25. hxg7 Kxg7 26. Bh6+ Kg8 27. Nxf5 Qxf5 28. g4 Qf6 29. Bf4 c6 30. Rh3 Re6 31. Bg5 Qg7 32. Rdh1 Rae8 33. Qf4 Re2+ 34. Kg3 Ne6 35. Rh8+ Qxh8 36. Rxh8+ Kxh8 37. Bf6+ Kh7 38. Qc1 g5 39. Qb1+ Kh6 40. Qf5 Rg8 41. Be5 Rg7 42. f4 gxf4+ 43. Kf3 Re3+ 44. Kf2 Rxe5 45. dxe5 Ng5 46. Qxf4 Rg6 47. Qb4 Ne4+ 48. Kf3 Kg5 49. Qxb7 1-0

[Event "GER-ch 78th"]
[Site "Bad Koenigshofen"]
[Date "2007.01.25"]
[Round "7"]
[White "Zill, Christoph"]
[Black "Lorscheid, Gerhard"]
[Result "0-1"]
[WhiteElo "2305"]
[BlackElo "2285"]
[EventDate "2007.01.19"]
[PlyCount "80"]

1. e4 d6 2. d4 g6 3. Nc3 Bg7 4. f4 Nf6 5. Nf3 c5 6. Bb5+ Bd7 7. Bxd7+ Nfxd7 8. d5 b5 9. O-O b4 10. Ne2 Nb6 11. a3 a5 12. axb4 axb4 13. Rxa8 Nxa8 14. c3 bxc3 15. Qa4+ Nd7 16. Nxc3 O-O 17. f5 Nab6 18. Qb5 Qc7 19. Bg5 Rb8 20. Qc6 Qd8 21. Ra1 Nc4 22. Ra7 Nde5 23. Nxe5 Nxe5 24. Qa6 Ng4 25. Bxe7 Rxb2 26. Nd1 Rb1 27. Kf1 Qe8 28. Ra8 Rb8 29. Rxb8 Qxb8 30. Bxd6 Qe8 31. h3 Nf6 32. fxg6 hxg6 33. Bxc5 Nxe4 34. Bf2 Qe5 35. Qd3 Bf8 36. Qd4 Qf5 37. Ke2 Bc5 38. g4 Qf4 39. Be3 Qh2+ 40. Kd3 Bxd4 0-1

[Event "GER-ch 78th"]
[Site "Bad Koenigshofen"]
[Date "2007.01.26"]
[Round "8"]
[White "Abel, Dennes"]
[Black "Heinig, Wolfram"]
[Result "1/2-1/2"]
[WhiteElo "2294"]
[BlackElo "2364"]
[EventDate "2007.01.19"]
[PlyCount "41"]

1. e4 c5 2. Nf3 e6 3. d4 cxd4 4. Nxd4 a6 5. Nc3 Qc7 6. Bd3 Nf6 7. O-O d6 8. Be3 Nbd7 9. f4 g6 10. f5 e5 11. Ne6 fxe6 12. fxe6 Nb6 13. Rxf6 Be7 14. Rf2 Bxe6 15. Be2 Nc4 16. Bxc4 Qxc4 17. Qd2 Rf8 18. Rxf8+ Bxf8 19. b3 Qb4 20. Qd3 Rc8 21. Na4 1/2-1/2

[Event "GER-ch 78th"]
[Site "Bad Koenigshofen"]
[Date "2007.01.26"]
[Round "8"]
[White "Baramidze, David"]
[Black "Luther, Thomas"]
[Result "1/2-1/2"]
[WhiteElo "2551"]
[BlackElo "2580"]
[EventDate "2007.01.19"]
[PlyCount "27"]

1. e4 e6 2. d4 d5 3. Nc3 Nf6 4. Bg5 dxe4 5. Nxe4 Be7 6. Bxf6 gxf6 7. c4 f5 8. Nc3 Bf6 9. Nf3 Nc6 10. d5 Ne7 11. Qd2 O-O 12. O-O-O exd5 13. cxd5 c6 14. dxc6 1/2-1/2

[Event "GER-ch 78th"]
[Site "Bad Koenigshofen"]
[Date "2007.01.26"]
[Round "8"]
[White "Bastian, Herbert"]
[Black "Tischbierek, Raj"]
[Result "1-0"]
[WhiteElo "2411"]
[BlackElo "2486"]
[EventDate "2007.01.19"]
[PlyCount "95"]

1. e4 e6 2. d4 d5 3. e5 c5 4. c3 Nc6 5. Nf3 Qb6 6. a3 Nh6 7. b4 cxd4 8. cxd4 Nf5 9. Be3 f6 10. exf6 gxf6 11. Bd3 Nxe3 12. fxe3 Bh6 13. Qe2 O-O 14. Nc3 Ne7 15. O-O Bd7 16. Kh1 Rac8 17. Rac1 Ng6 18. Nh4 f5 19. Qh5 Kg7 20. g4 Qd8 21. Nf3 Bxe3 22. gxf5 exf5 23. Rce1 Nf4 24. Rg1+ Bxg1 25. Rxg1+ Kh8 26. Qh6 Qf6 27. Qxf4 Rxc3 28. Ne5 Be8 29. Rg5 Rxa3 30. h4 Qe7 31. Kh2 Ra2+ 32. Kh1 a5 33. bxa5 Rxa5 34. Bxf5 Ra1+ 35. Kh2 Ra6 36. Rg2 Raf6 37. Qg5 b5 38. Bc2 Re6 39. Qg3 Rh6 40. Kg1 Qf6 41. Ng4 Qxd4+ 42. Kh2 Re6 43. Bf5 Rxf5 44. Nf6 Rg5 45. Qxg5 Bg6 46. Ng4 Re8 47. h5 Be4 48. Nh6 1-0

[Event "GER-ch 78th"]
[Site "Bad Koenigshofen"]
[Date "2007.01.26"]
[Round "8"]
[White "Graf, Alexander"]
[Black "Henrichs, Thomas"]
[Result "0-1"]
[WhiteElo "2610"]
[BlackElo "2483"]
[EventDate "2007.01.19"]
[PlyCount "84"]

1. d4 Nf6 2. c4 e6 3. Nf3 d5 4. g3 Bb4+ 5. Bd2 Be7 6. Bg2 O-O 7. O-O c6 8. Bf4 Nh5 9. Nc3 Nxf4 10. gxf4 Nd7 11. Qd3 Bd6 12. Ne5 f5 13. Rab1 Nf6 14. b4 a6 15. a4 Bd7 16. a5 Qe7 17. Na4 dxc4 18. Qxc4 Nd5 19. e3 Be8 20. Nc5 Rf6 21. h3 Bh5 22. Kh2 Kh8 23. Rg1 Rg8 24. Bh1 h6 25. Rg3 g5 26. Ncd7 gxf4 27. Rxg8+ Kxg8 28. Nxf6+ Qxf6 29. Rg1+ Kh8 30. Bxd5 exd5 31. Qc3 Qh4 32. Rg2 f3 33. Rg3 Qe4 34. b5 f4 35. exf4 axb5 36. Qd2 Qe2 37. Qxe2 fxe2 38. Re3 Bb4 39. Nd3 Bd2 40. Re6 Bf3 41. Rxc6 bxc6 42. a6 Bxf4+ 0-1

[Event "GER-ch 78th"]
[Site "Bad Koenigshofen"]
[Date "2007.01.26"]
[Round "8"]
[White "Hamann, Carsten"]
[Black "Stanke, Juergen"]
[Result "0-1"]
[WhiteElo "2216"]
[BlackElo "2323"]
[EventDate "2007.01.19"]
[PlyCount "140"]

1. e4 c5 2. b4 cxb4 3. a3 d5 4. exd5 Qxd5 5. Nf3 e5 6. c4 Qe6 7. Bb2 Nc6 8. Bd3 Nf6 9. O-O Bc5 10. axb4 Nxb4 11. Nxe5 O-O 12. Be2 Nc6 13. Nf3 Rd8 14. d4 Nxd4 15. Nxd4 Bxd4 16. Bxd4 Qe4 17. Nc3 Qxd4 18. Qb3 Qc5 19. Rfd1 Bg4 20. Qxb7 Bxe2 21. Nxe2 Qxc4 22. Ng3 Rxd1+ 23. Rxd1 Qc8 24. Qf3 Qe8 25. h4 a5 26. h5 h6 27. Rd3 Qe1+ 28. Kh2 Re8 29. Rd4 Qe5 30. Rf4 Qg5 31. Kh3 Re5 32. Rh4 Re1 33. Qc3 Qc1 34. Qxa5 Qc8+ 35. Kh2 Rd1 36. Qa4 Rd2 37. Qa7 Ng4+ 38. Rxg4 Qxg4 39. Qb8+ Kh7 40. Qb1+ g6 41. hxg6+ Qxg6 42. Qe1 Rd4 43. Qe7 Qe6 44. Qxe6 fxe6 45. f3 Rh4+ 46. Kg1 Kg6 47. Kf2 Kf6 48. Ke3 Ke5 49. Ne4 Rh2 50. Kf2 Rh1 51. Kg3 Re1 52. Nf2 Kf5 53. Nd3 Re3 54. Nf2 h5 55. Nh3 Re2 56. Ng1 h4+ 57. Kh2 Rf2 58. Nh3 Rf1 59. Ng1 Re1 60. Nh3 Ke5 61. Nf2 Kd4 62. Kh3 Rf1 63. Ne4 Rh1+ 64. Kg4 Ke3 65. Ng5 e5 66. Nf7 Kf2 67. Nxe5 Kxg2 68. f4 h3 69. Kg5 Rg1 70. f5 h2 0-1

[Event "GER-ch 78th"]
[Site "Bad Koenigshofen"]
[Date "2007.01.26"]
[Round "8"]
[White "Jahrsdoerfer, Gerd"]
[Black "Fischer, Thomas2"]
[Result "0-1"]
[WhiteElo "2176"]
[BlackElo "2045"]
[EventDate "2007.01.19"]
[PlyCount "68"]

1. e4 e6 2. d4 d5 3. Nc3 Bb4 4. a3 Bxc3+ 5. bxc3 dxe4 6. f3 exf3 7. Nxf3 Nf6 8. Bd3 b6 9. O-O Bb7 10. Bg5 Nbd7 11. Qe2 h6 12. Bd2 Qe7 13. c4 c5 14. Kh1 Rd8 15. Bc3 cxd4 16. Nxd4 Nc5 17. Rae1 Nfe4 18. Bb2 O-O 19. Nf3 f5 20. Kg1 Kh7 21. Ne5 Qg5 22. Rf3 Qd2 23. Qf1 Nxd3 24. Rxd3 Qxc2 25. Re2 Qa4 26. Ree3 Nd2 27. Qc1 Ne4 28. Qf1 Nc5 29. Rd4 Rxd4 30. Bxd4 Rd8 31. Bb2 Rd1 32. Re1 Rxe1 33. Qxe1 Qc2 34. Qg3 Qb1+ 0-1

[Event "GER-ch 78th"]
[Site "Bad Koenigshofen"]
[Date "2007.01.26"]
[Round "8"]
[White "Kachiani Gersinska, Ketino"]
[Black "Von Herman, Ulf"]
[Result "1/2-1/2"]
[WhiteElo "2374"]
[BlackElo "2364"]
[EventDate "2007.01.19"]
[PlyCount "44"]

1. d4 Nf6 2. c4 c6 3. Nf3 d6 4. Nc3 Bf5 5. g3 g6 6. Bg2 Bg7 7. Nh4 Bc8 8. d5 O-O 9. O-O Bd7 10. h3 Na6 11. Be3 cxd5 12. cxd5 Qa5 13. a3 Rfc8 14. Rc1 Qd8 15. Nf3 Nc5 16. b4 Nce4 17. Nxe4 Nxe4 18. Nd4 Nc3 19. Qd2 Nb5 20. Nxb5 Bxb5 21. h4 h5 22. Bh3 Bd7 1/2-1/2

[Event "GER-ch 78th"]
[Site "Bad Koenigshofen"]
[Date "2007.01.26"]
[Round "8"]
[White "Koller, Jens"]
[Black "Suren, Peter"]
[Result "1-0"]
[WhiteElo "2246"]
[BlackElo "2211"]
[EventDate "2007.01.19"]
[PlyCount "71"]

1. e4 Nc6 2. Nf3 d5 3. exd5 Qxd5 4. Nc3 Qh5 5. Nb5 Kd8 6. Nc3 Bg4 7. Be2 Nf6 8. d4 e6 9. O-O Bd6 10. h3 Bxh3 11. gxh3 Qxh3 12. Ne5 Ke7 13. Bf4 Qh4 14. Bg3 Qg5 15. Qc1 Qf5 16. Bd3 Qh3 17. Qe3 Bxe5 18. dxe5 Nd7 19. Rfd1 Ncxe5 20. Qg5+ f6 21. Qxg7+ Nf7 22. Bb5 Nb6 23. Ne4 Qf5 24. Nd6 Qh5 25. Qxf7+ Qxf7 26. Nxf7 Kxf7 27. Bxc7 Rag8+ 28. Kf1 Rg5 29. Be2 Nd5 30. Bh2 Rhg8 31. Bf3 Rc8 32. Rac1 b5 33. Rd4 Nb6 34. Ke2 e5 35. Rb4 a6 36. Bb7 1-0

[Event "GER-ch 78th"]
[Site "Bad Koenigshofen"]
[Date "2007.01.26"]
[Round "8"]
[White "Lorscheid, Gerhard"]
[Black "Meister, Jakob [RUS]"]
[Result "0-1"]
[WhiteElo "2285"]
[BlackElo "2491"]
[EventDate "2007.01.19"]
[PlyCount "110"]

1. d4 d5 2. c4 e6 3. Nc3 Bb4 4. cxd5 exd5 5. a3 Be7 6. Bf4 c6 7. e3 Bf5 8. Nge2 Nf6 9. Ng3 Bg6 10. h4 h5 11. Be2 Nbd7 12. Bf3 a5 13. Qe2 Qb6 14. O-O Qa6 15. Qd1 Nf8 16. Be5 Ne6 17. Be2 Qb6 18. Na4 Qd8 19. f4 Ne4 20. f5 f6 21. Nxe4 fxe5 22. fxg6 dxe4 23. Qb3 Qd6 24. Nc5 Nd8 25. Nxb7 Nxb7 26. Qxb7 Rb8 27. dxe5 Rxb7 28. exd6 Bxd6 29. Rf5 Rxb2 30. Bc4 Rf8 31. Bf7+ Ke7 32. Rxa5 Rfb8 33. Ra7+ R2b7 34. Rxb7+ Rxb7 35. a4 Bc5 36. Kh2 Rb4 37. a5 Bxe3 38. a6 Ba7 39. Rc1 Kd6 40. Rc4 c5 41. Rc2 Ke5 42. Rd2 Rd4 43. Rb2 Ra4 44. Rb7 Rxa6 45. Bc4 Ra4 46. Bb3 Ra3 47. Rxg7 Kf6 48. Rb7 Kxg6 49. Bf7+ Kf6 50. Bxh5 c4 51. g4 Bd4 52. g5+ Kf5 53. Kg2 Ra2+ 54. Kf1 c3 55. Rf7+ Ke6 0-1

[Event "GER-ch 78th"]
[Site "Bad Koenigshofen"]
[Date "2007.01.26"]
[Round "8"]
[White "Meins, Gerlef"]
[Black "Degtiarev, Evgeny"]
[Result "1/2-1/2"]
[WhiteElo "2460"]
[BlackElo "2393"]
[EventDate "2007.01.19"]
[PlyCount "145"]

1. d4 Nf6 2. c4 g6 3. Nc3 d5 4. Nf3 Bg7 5. Bg5 Ne4 6. cxd5 Nxg5 7. Nxg5 e6 8. Nf3 exd5 9. e3 a5 10. Be2 O-O 11. O-O c6 12. a3 Qd6 13. Ne1 Nd7 14. Nd3 b5 15. Bf3 a4 16. b3 axb3 17. Qxb3 Ba6 18. Rfc1 Rfb8 19. Na2 Nb6 20. Nab4 Nc4 21. Be2 Bc8 22. a4 Ra5 23. Nc5 Qc7 24. Qc3 bxa4 25. Nxa4 Bf8 26. Nd3 Rba8 27. Nac5 Ra3 28. Rxa3 Rxa3 29. Qe1 Bd6 30. g3 Qe7 31. Ra1 Nxe3 32. Rxa3 Nc2 33. Qc1 Nxa3 34. Qxa3 Qxe2 35. Qa8 Qe8 36. Ne5 Bxe5 37. dxe5 Kf8 38. f4 Bf5 39. Qxe8+ Kxe8 40. Kf2 Kd8 41. Ke3 Kc7 42. Kd4 Kb6 43. Nb3 Kb5 44. Nc5 Kb4 45. Na6+ Ka5 46. Nc5 Kb5 47. Nb7 Kb4 48. Nc5 Bc8 49. Nd3+ Kb3 50. Nc5+ Kc2 51. Nd3 Kd2 52. Nb4 Ke2 53. Nxc6 Kf3 54. Ne7 Be6 55. Nxd5 Kg2 56. Nf6 h5 57. Ke3 Kxh2 58. Kf2 Kh3 59. Kf3 Bg4+ 60. Kf2 Bd1 61. Ne4 Kg4 62. Nf6+ Kf5 63. Ke3 g5 64. fxg5 Kxe5 65. Kd2 Bg4 66. Ke3 Kf5 67. Ne4 Bd1 68. Nd6+ Ke6 69. Ne4 Ke5 70. Nf2 Bc2 71. Kf3 Kf5 72. g4+ hxg4+ 73. Kg3 1/2-1/2

[Event "GER-ch 78th"]
[Site "Bad Koenigshofen"]
[Date "2007.01.26"]
[Round "8"]
[White "Naiditsch, Arkadij"]
[Black "Beikert, Guenther"]
[Result "1-0"]
[WhiteElo "2663"]
[BlackElo "2434"]
[EventDate "2007.01.19"]
[PlyCount "71"]

1. e4 e5 2. Nf3 Nc6 3. Bb5 a6 4. Ba4 Nf6 5. d3 b5 6. Bb3 Bc5 7. a4 Rb8 8. axb5 axb5 9. Nc3 d6 10. h3 O-O 11. Bg5 h6 12. Bh4 Be6 13. Qd2 Nd4 14. Nxd4 Bxd4 15. Qe2 b4 16. Nd1 Bxb3 17. cxb3 Qe7 18. O-O Qe6 19. Bxf6 Qxf6 20. Ne3 Kh7 21. Ra6 Ra8 22. Nd5 Qd8 23. Rc6 Ra2 24. Rb1 f5 25. Kh1 Qh4 26. exf5 Rxf5 27. f3 Rf8 28. Nxb4 Ra7 29. Nd5 Rfa8 30. Rxc7 Rxc7 31. Nxc7 Rb8 32. Ne6 Rxb3 33. f4 d5 34. fxe5 Ba7 35. Qf3 Rxb2 36. Qf5+ 1-0

[Event "GER-ch 78th"]
[Site "Bad Koenigshofen"]
[Date "2007.01.26"]
[Round "8"]
[White "Namyslo, Holger"]
[Black "Wichmann, Cliff"]
[Result "0-1"]
[WhiteElo "2281"]
[BlackElo "2419"]
[EventDate "2007.01.19"]
[PlyCount "82"]

1. e4 d5 2. exd5 Nf6 3. c4 e6 4. d4 exd5 5. Nf3 Be7 6. Be2 Be6 7. b3 O-O 8. O-O c5 9. Bb2 Nc6 10. dxc5 dxc4 11. Ng5 Qxd1 12. Rxd1 Bg4 13. f3 Bf5 14. Bxc4 h6 15. Nh3 Rad8 16. Nc3 Bxc5+ 17. Nf2 Ne5 18. Na4 Nxc4 19. Bxf6 Rxd1+ 20. Rxd1 Bxf2+ 21. Kxf2 gxf6 22. bxc4 Bc2 23. Rd7 Bxa4 24. Rxb7 Rc8 25. Rxa7 Rxc4 26. Kg3 Kg7 27. Ra5 Bc2 28. Rb5 Ra4 29. Rb2 Bf5 30. a3 Rxa3 31. Kf4 Be6 32. h4 Ra4+ 33. Kg3 Kg6 34. Rb5 f5 35. Kh3 Rd4 36. g3 f4+ 37. g4 Rd3 38. Kg2 Bd5 39. h5+ Kg7 40. Kh3 Bxf3 41. Kh4 Rd1 0-1

[Event "GER-ch 78th"]
[Site "Bad Koenigshofen"]
[Date "2007.01.26"]
[Round "8"]
[White "Schulze, Ulrich"]
[Black "Schenderowitsch, Michael"]
[Result "1/2-1/2"]
[WhiteElo "2297"]
[BlackElo "2268"]
[EventDate "2007.01.19"]
[PlyCount "23"]

1. d4 e6 2. c4 Nf6 3. Nf3 b6 4. g3 Ba6 5. b3 Bb4+ 6. Bd2 Be7 7. Bg2 c6 8. O-O d5 9. Ne5 Nfd7 10. Nxd7 Qxd7 11. Bf4 Bf6 12. cxd5 1/2-1/2

[Event "GER-ch 78th"]
[Site "Bad Koenigshofen"]
[Date "2007.01.26"]
[Round "8"]
[White "Schuster, Martin"]
[Black "Becker, Marcel"]
[Result "1/2-1/2"]
[WhiteElo "2223"]
[BlackElo "2381"]
[EventDate "2007.01.19"]
[PlyCount "116"]

1. d4 d5 2. Nf3 Nf6 3. c4 c6 4. e3 a6 5. Bd3 e6 6. b3 c5 7. cxd5 exd5 8. Nbd2 Nc6 9. Bb2 Bd6 10. dxc5 Bxc5 11. O-O O-O 12. Rc1 Bb6 13. h3 Re8 14. Bb1 Bd7 15. Re1 Ne4 16. Nxe4 dxe4 17. Ng5 Bf5 18. Qxd8 Bxd8 19. Nf3 Bxh3 20. Bxe4 Rxe4 21. gxh3 Nb4 22. Rcd1 Nxa2 23. Rd7 Re7 24. Red1 Rxd7 25. Rxd7 b5 26. Kf1 a5 27. Rb7 b4 28. Nd2 Nc3 29. Nc4 Ne4 30. Bd4 h6 31. Ke2 Ng5 32. Nd6 Ra6 33. Rd7 Bb6 34. Bxb6 Rxb6 35. Nc4 Ra6 36. h4 Ne4 37. Rc7 a4 38. bxa4 Rxa4 39. f3 Ng3+ 40. Kd3 Nf5 41. h5 Ng3 42. Rc8+ Kh7 43. Rc7 f6 44. Rc5 Ra1 45. Rb5 Rd1+ 46. Kc2 Rh1 47. Rxb4 Rxh5 48. e4 Ne2 49. Kd2 Nd4 50. f4 Rh2+ 51. Kd3 Ne6 52. f5 Rh3+ 53. Ne3 Nf4+ 54. Kd4 Ne2+ 55. Kd3 Ng1 56. Rb7 Rg3 57. e5 fxe5 58. f6 Nh3 1/2-1/2

[Event "GER-ch 78th"]
[Site "Bad Koenigshofen"]
[Date "2007.01.26"]
[Round "8"]
[White "Seuffert, Gabriel"]
[Black "Zill, Christoph"]
[Result "1-0"]
[WhiteElo "2339"]
[BlackElo "2305"]
[EventDate "2007.01.19"]
[PlyCount "115"]

1. c4 f5 2. g3 d6 3. Bg2 g6 4. d3 Bg7 5. e4 Nh6 6. Ne2 O-O 7. Nbc3 fxe4 8. dxe4 c6 9. f3 Be6 10. b3 Qb6 11. Na4 Qc7 12. Bb2 Bxb2 13. Nxb2 Qa5+ 14. Qd2 Qxd2+ 15. Kxd2 Na6 16. Nd3 Nc7 17. Rac1 a5 18. Nc3 Rad8 19. f4 b5 20. cxb5 Nxb5 21. Nxb5 cxb5 22. Rc7 Rd7 23. Rhc1 Rfd8 24. Rxd7 Bxd7 25. Rc7 Ng4 26. h3 Nf6 27. g4 h6 28. e5 dxe5 29. fxe5 Ne8 30. Ra7 a4 31. Kc3 axb3 32. axb3 Rc8+ 33. Kb4 Rc7 34. Rxc7 Nxc7 35. Nc5 Bc8 36. Ka5 Kg7 37. Kb6 Ne6 38. Kxb5 Nf4 39. Bf1 h5 40. gxh5 gxh5 41. Kc6 Bxh3 42. Bxh3 Nxh3 43. Nd3 Ng5 44. Kd7 e6 45. b4 h4 46. Nf2 Kf7 47. b5 Nf3 48. Kd6 Nd2 49. Kc5 Ke7 50. b6 Nf3 51. Ng4 Kd7 52. Nf6+ Kc8 53. Kd6 h3 54. Ng4 Nd4 55. Kc5 Nf5 56. Kc6 Nh6 57. b7+ Kb8 58. Nf6 1-0

[Event "GER-ch 78th"]
[Site "Bad Koenigshofen"]
[Date "2007.01.26"]
[Round "8"]
[White "Tereick, Benjamin"]
[Black "Knuth, Hannes"]
[Result "1-0"]
[WhiteElo "2382"]
[BlackElo "2301"]
[EventDate "2007.01.19"]
[PlyCount "106"]

1. Nf3 Nf6 2. c4 e6 3. g3 b6 4. Bg2 Bb7 5. O-O Be7 6. d4 O-O 7. d5 exd5 8. Nh4 Ne4 9. cxd5 Bxh4 10. gxh4 f5 11. h5 Qh4 12. h6 Ng5 13. Qb3 f4 14. d6+ Rf7 15. Bxb7 Nc6 16. f3 Na5 17. Bxa8 Nxb3 18. dxc7 Rf8 19. Bd5+ Ne6 20. Bxe6+ dxe6 21. axb3 a5 22. hxg7 Kxg7 23. Ra4 e5 24. Rc4 Qh3 25. Rf2 Kf7 26. Rg2 b5 27. Rc3 Qd7 28. Nd2 Rc8 29. Ne4 Rxc7 30. Bd2 b4 31. Rd3 Qe7 32. e3 Rd7 33. Rxd7 Qxd7 34. exf4 Qd4+ 35. Rf2 Qxb2 36. fxe5 Qxe5 37. Be3 a4 38. bxa4 b3 39. Rf1 Qb2 40. a5 h5 41. a6 Qe2 42. Bf2 Qxa6 43. Bd4 Qe2 44. Bc3 b2 45. Rb1 Qe3+ 46. Kg2 Qe2+ 47. Kg3 h4+ 48. Kxh4 Qxh2+ 49. Kg4 Kg6 50. Rxb2 Qg1+ 51. Kf4 Kf7 52. Ke5 Qg7+ 53. Kd5 Qh6 1-0

[Event "GER-ch 78th"]
[Site "Bad Koenigshofen"]
[Date "2007.01.27"]
[Round "9"]
[White "Becker, Marcel"]
[Black "Abel, Dennes"]
[Result "1-0"]
[WhiteElo "2381"]
[BlackElo "2294"]
[EventDate "2007.01.19"]
[PlyCount "105"]

1. d4 Nf6 2. c4 c5 3. d5 e6 4. Nc3 exd5 5. cxd5 d6 6. Nf3 g6 7. Bf4 a6 8. e4 Bg7 9. Qc2 O-O 10. Be2 Bg4 11. O-O Bxf3 12. Bxf3 Qc7 13. Rad1 Nfd7 14. Be2 Re8 15. a4 Nf6 16. e5 dxe5 17. d6 Qb6 18. Bg5 Nbd7 19. Bc4 e4 20. Rfe1 Re5 21. Bxf6 Nxf6 22. Nxe4 Rd8 23. Nxf6+ Bxf6 24. Rxe5 Bxe5 25. d7 Bd4 26. Qe4 Qc6 27. Qxc6 bxc6 28. Bxa6 Rxd7 29. Be2 Rb7 30. Rb1 Rxb2 31. Rxb2 Bxb2 32. a5 c4 33. Bxc4 Kf8 34. Kf1 Ke7 35. Ke2 Bd4 36. a6 f6 37. g4 Ba7 38. f4 Bb8 39. g5 fxg5 40. fxg5 Ba7 41. Kf3 Bb6 42. h4 Ba7 43. Kg4 Kf8 44. Bb3 Bb8 45. Ba4 c5 46. Bb3 Kg7 47. Kf3 h6 48. Ke4 hxg5 49. hxg5 c4 50. Bxc4 Ba7 51. Ke5 Bg1 52. Ke6 Be3 53. Bd3 1-0

[Event "GER-ch 78th"]
[Site "Bad Koenigshofen"]
[Date "2007.01.27"]
[Round "9"]
[White "Beikert, Guenther"]
[Black "Kachiani Gersinska, Ketino"]
[Result "1-0"]
[WhiteElo "2434"]
[BlackElo "2374"]
[EventDate "2007.01.19"]
[PlyCount "173"]

1. e4 e5 2. Nf3 Nc6 3. Bb5 a6 4. Ba4 Nf6 5. O-O Be7 6. Re1 b5 7. Bb3 d6 8. c3 O-O 9. h3 Nb8 10. d4 Nbd7 11. Nbd2 Bb7 12. Bc2 Re8 13. Nf1 Bf8 14. Ng3 g6 15. a4 c5 16. d5 c4 17. Bg5 h6 18. Be3 Nc5 19. Qd2 h5 20. Bg5 Be7 21. Ra3 Rb8 22. Kh1 Nfd7 23. Be3 h4 24. Nf1 bxa4 25. Bxc5 Nxc5 26. Bxa4 Rf8 27. Bc2 Bc8 28. Ra2 Kg7 29. Ne3 Nd3 30. Bxd3 cxd3 31. Qxd3 f5 32. Nc4 fxe4 33. Qxe4 Rf4 34. Qe2 Bf5 35. Ncxe5 Re4 36. Qxe4 Bxe4 37. Nc6 Qg8 38. Rxe4 Qxd5 39. Rxe7+ Kf6 40. Nxb8 Kxe7 41. Rxa6 Qb5 42. Nc6+ Kd7 43. Ra7+ Ke8 44. Ncd4 Qxb2 45. Kh2 Qxf2 46. Rh7 Qg3+ 47. Kg1 g5 48. Rg7 Qf4 49. Ne2 Qc4 50. Kf1 Qb5 51. Rxg5 Qb1+ 52. Kf2 Qb6+ 53. Nfd4 Qb7 54. Rg4 Qh7 55. Nf3 Qa7+ 56. Rd4 Ke7 57. Nxh4 Ke6 58. Ng6 d5 59. Ngf4+ Kf5 60. Kf3 Qb7 61. h4 Qb1 62. g4+ Kf6 63. g5+ Kg7 64. h5 Qf5 65. Rxd5 Qc8 66. Re5 Kf8 67. Re6 Qb7+ 68. Kg4 Qc8 69. h6 Kf7 70. Kg3 Kg8 71. Re7 Qb8 72. Nd4 Qb1 73. Rg7+ Kf8 74. Ng6+ Ke8 75. Re7+ Kd8 76. Ne6+ Kc8 77. Rc7+ Kb8 78. Ngf4 Qg1+ 79. Kh4 Qh1+ 80. Kg4 Qg1+ 81. Kf5 Qb1+ 82. Kf6 Qb5 83. h7 Qe8 84. Rg7 Qh8 85. Kf7 Kb7 86. Nf8 Kc6 87. N4g6 1-0